| 000 | 01652nam0a2200373 4500 | ||
|---|---|---|---|
| 001 | RU\NLR\bibl\314745 | ||
| 005 | 20260408165018.0 | ||
| 021 |
_aRU _b2002-30003 _91491 |
||
| 035 | _a(NLR Aleph) 000309839 | ||
| 090 |
_a32104 _c32104 |
||
| 100 | _a20020925d2001 |||y0rusy50 ca | ||
| 101 | 0 | _arus | |
| 102 | _aRU | ||
| 105 | _ay ||||||||| | ||
| 200 | 1 |
_aЧичеринские чтения _eМатериалы межрегион. науч. конф. (окт. 2001 г.) |
|
| 210 |
_aТамбов _cИзд-во ТГУ _d2001 |
||
| 215 |
_a66 с. _d20 |
||
| 300 | _aВ надзаг.: М-во образования Рос. Федерации, Тамб. гос. ун-т им. Г. Р. Державина, Социол. об-во им. М. М. Ковалевского | ||
| 320 | _aБиблиогр. в примеч. в конце докл. | ||
| 600 | 1 |
_aЧичерин _bБ. Н. _f1828-1904 _gБорис Николаевич _2psbo |
|
| 600 | 1 |
_aЧичерин _gБорис Николаевич _bБ.Н. _f1828 - 1904 _jСъезды, совещания и т.п. _3RU\NLR\auth\66490334 _91208544 |
|
| 610 | 0 | _aОбщественная мысль в России - История | |
| 675 |
_a1(47+57)(092) _v3 _zrus |
||
| 675 |
_a929Чичерин _v3 _zrus |
||
| 686 |
_a02 _2rugasnti |
||
| 686 |
_a87.3(2)6 _2rubbk |
||
| 686 | _aТ1(2)52-8я431 | ||
| 710 | 1 | 2 |
_aЧичеринские чтения _f2001 _eТамбов _3RU\NLR\AUTH\8810040554 _9580213 |
| 801 | 0 |
_aRU _bRKP _c20020925 _gPSBO |
|
| 801 | 1 |
_aRU _bRKP _c20020925 |
|
| 801 | 2 |
_aRU _bNLR _c20030124 _grcr |
|
| 942 | _cBOOK | ||
| 980 | _aNB | ||